12º Simpósio ibero-americano de catálise 30 de julho a 03 de agosto de 1990 Rio de Janeiro-Rj.

Guardado en:
Autores Corporativos: Simpósio Ibero-Americano de Catálise Rio de Janeiro, Brasil), Instituto Brasileiro de Petróleo.
Formato: Libro
Idioma:Portuguese
Spanish
English
Publicado: Rio de Janeiro : Instituto Brasileiro de petróleo (IBP), 1990.
Materias:
Etiquetas: Agregar Etiqueta
Sin Etiquetas, Sea el primero en etiquetar este registro!
LEADER 01441nam a22002655a 4500
001 EIQ.libpla000762
008 060518s1990####bl#a#####b####100#0#por#d
005 20071108194913.0
245 1 0 |a 12º Simpósio ibero-americano de catálise 30 de julho a 03 de agosto de 1990 Rio de Janeiro-Rj. 
260 |a Rio de Janeiro :  |b Instituto Brasileiro de petróleo (IBP),  |c 1990. 
300 |a 3v. :  |b il. ;  |c 23 cm. 
500 |a "Trabalhos técnicos" (Nota de cubierta). 
500 |a Papers en Portugués, Español e inglés. 
500 |a Indice de autores en vol. 3. 
505 0 |a v.1. Catálise em zeólitas -- Catálise em metais -- v.2. Catálise em óxidos -- Catálise homogênea -- Química do C1 -- Argilas intercaladas (PILCS) -- Craqueamento catalítico (FCC) -- Hidrotratamentos -- PolimerizaÇao -- Conferencias Plenarias -- v.3. Sessöes de painéis -- Trabalhos convidados. 
504 |a Incluye referencias bibliográficas. 
111 2 |a Simpósio Ibero-Americano de Catálise  |n (12º :  |d 1990 :  |c Rio de Janeiro, Brasil) 
710 2 |a Instituto Brasileiro de Petróleo. 
650 4 |a Catálisis  |x Congresos. 
650 4 |a Catalysis  |x Congresses. 
040 |a AR-BbSID  |b spa  |c AR-BbSID 
041 1 |a por  |a spa  |a eng 
859 |a AR-BbSID  |b BIB. PLAPIQUI  |h 541.395  |i Si 12  |p 4146  |v Vol. 1  |3 Vol. 1 
859 |a AR-BbSID  |b BIB. PLAPIQUI  |h 541.395  |i Si 12  |p 4147  |v Vol. 2  |3 Vol. 2 
859 |a AR-BbSID  |b BIB. PLAPIQUI  |h 541.395  |i Si 12  |p 4148  |v Vol. 3  |3 Vol. 3